01094 a2200169 4500003000500000005001700005020001500022040000900037082001600046245003800062260003300100505061300133650002300746942001200769999001900781952012400800Nust20221223121122.0 a0871965593 cNust a621.388,KNO aThe Home Video Yearbook 1981-82 / aNew YorkbFact on Filec1981 aOverview of the Home Video Industry (Page-1), Mergers, Acquisitions and Join T Ventures (Page-11), Cable (Page-19), Advertising on Cable (Page-63), Interaction Cable (Page-79), Pay Television Services (Page-85),Satellites (Page-95), Subscription Television (Page-113), Multipoint Distributions Services (Page-127), VCRs/Camera/Blank Tape (Page-141), Video Discs (Page-151),VCR and Disc Software (Page-161), Videotape Duplication Services (Page-173), Videotext (Page-181), Home Computers (Page-201), The Home Video Industry in Europe and Japan (Page-207), Financial Summaries (Page-217), Resources (Page-247). aHome Video9105756 2ddccBK c183264d183264 00102ddc4070aMCSbMCScGENd2016-12-12o621.388,KNOpMCS6914r2016-12-08w2016-12-12yBKzAlmirah No.39, Shelf No.4